000 00590nam a22001697a 4500
003 NUST
038 _aNusrat Nadeem
082 _a200
100 _aIftikhar, Hamza
_9122986
245 _aEmpowering Farmers through Data: Pak Kasaan, A Comprehensive Platform for Crop Management and Advance Analysis/
_cHamza Iftikhar,
264 _aIslamabad,
_bSEECS NUST,
_c2024,
300 _a133,p.
_bill;
_c30,cm.
650 _aMS-Computer Science
_926780
700 _aSupervisor:Dr. Muhammad Moazam Fraz
_996751
856 _uhttp://10.250.8.41:8080/xmlui/handle/123456789/43532
942 _2ddc
_cTHE
999 _c609335
_d609335